The sun-drenched veld (Record no. 120351)
[ view plain ]
| 000 -LEADER | |
|---|---|
| fixed length control field | 00486nam a22001577a 4500 |
| 005 - DATE AND TIME OF LATEST TRANSACTION | |
| control field | 20140402131445.0 |
| 008 - FIXED-LENGTH DATA ELEMENTS--GENERAL INFORMATION | |
| fixed length control field | 140402b xxu||||| |||| 00| 0 eng d |
| 050 ## - LIBRARY OF CONGRESS CALL NUMBER | |
| Classification number | SPC DT732. |
| Item number | S5 |
| 100 ## - MAIN ENTRY--PERSONAL NAME | |
| Personal name | Simms, Katharine L. |
| 9 (RLIN) | 9687 |
| 245 ## - TITLE STATEMENT | |
| Title | The sun-drenched veld |
| Statement of responsibility, etc | Simms, Katharine L. |
| 260 ## - PUBLICATION, DISTRIBUTION, ETC. (IMPRINT) | |
| Place of publication, distribution, etc | London |
| Name of publisher, distributor, etc | Evans Brothers |
| Date of publication, distribution, etc | 1949 |
| 300 ## - PHYSICAL DESCRIPTION | |
| Extent | 143p.; |
| Dimensions | 22cm. |
| 651 ## - SUBJECT ADDED ENTRY--GEOGRAPHIC NAME | |
| Geographic name | South Africa |
| Source of heading or term | description and travel |
| 9 (RLIN) | 9688 |
| 651 ## - SUBJECT ADDED ENTRY--GEOGRAPHIC NAME | |
| Geographic name | South Africa |
| Source of heading or term | histroy |
| 9 (RLIN) | 9689 |
| 942 ## - ADDED ENTRY ELEMENTS (KOHA) | |
| Source of classification or shelving scheme | Library of Congress Classification |
| Item type | Monograph ( Printed materials) |
| Withdrawn status | Lost status | Source of classification or shelving scheme | Damaged status | Not for loan | Collection code | Home library | Current library | Shelving location | Date acquired | Total Checkouts | Full call number | Barcode | Date last seen | Price effective from | Koha item type |
|---|---|---|---|---|---|---|---|---|---|---|---|---|---|---|---|
| Library of Congress Classification | SPECIAL Collection | ARRUPE LIBRARY | ARRUPE LIBRARY | Main Collection | 02/04/2014 | SPC DT732. S5 | 46500002028 | 02/04/2014 | 02/04/2014 | Monograph ( Printed materials) |